Loading...
| Current Events | 2 | 20.00 | 100% | 100% | 0% |
| Fine Arts - Auditory | 4 | 10.00 | 75% | 25% | 0% |
| Fine Arts - Other | 5 | 20.00 | 100% | 60% | 40% |
| Fine Arts - Visual | 3 | 13.33 | 100% | 33% | 0% |
| Geography | 5 | 14.00 | 100% | 20% | 20% |
| History - American | 3 | 13.33 | 67% | 33% | 33% |
| History - Ancient | 2 | 20.00 | 100% | 100% | 0% |
| History - Ancient/Other | 3 | 13.33 | 100% | 33% | 0% |
| History - European | 5 | 20.00 | 100% | 80% | 20% |
| History - World | 4 | 10.00 | 75% | 25% | 0% |
| Literature - American | 5 | 16.00 | 100% | 60% | 0% |
| Literature - British | 7 | 12.86 | 100% | 29% | 0% |
| Literature - European | 3 | 13.33 | 100% | 33% | 0% |
| Literature - World | 1 | 10.00 | 100% | 0% | 0% |
| Mythology | 2 | 5.00 | 50% | 0% | 0% |
| Other Academic | 2 | 25.00 | 50% | 100% | 100% |
| Philosophy | 8 | 13.75 | 88% | 50% | 0% |
| Religion | 4 | 12.50 | 100% | 25% | 0% |
| Science - Biology | 5 | 14.00 | 100% | 40% | 0% |
| Science - Chemistry | 4 | 15.00 | 75% | 50% | 25% |
| Science - Other | 7 | 15.71 | 100% | 57% | 0% |
| Science - Physics | 4 | 15.00 | 100% | 50% | 0% |
| Social Science | 6 | 15.00 | 100% | 50% | 0% |